| 000 | 01095nam a2200289 c 4500 | ||
|---|---|---|---|
| 003 | BLK | ||
| 005 | 20180422110129.0 | ||
| 008 | 180409b bul|||||r ||||||| ||bul|| | ||
| 010 | _aKNG00118398000 | ||
| 040 | _aBLK | ||
| 041 |
_aBUL _cBUL |
||
| 080 |
_aБългарска литература _b821.163.2 _x-31 _z821.163.2-31 |
||
| 100 | 1 |
_aСеверски, Цветан _eпърви автор _gБанчев, Цветан Иванов _9369812 |
|
| 700 | 1 |
_aБанчев, Цветан Иванов _e* _9375677 |
|
| 139 |
_aСеверски, Цветан _bС 30 |
||
| 245 | 1 | 0 |
_aСин на светлината _bРоман _cЦветан Северски; * Цветан Иванов Банчев. |
| 257 | _aBGR | ||
| 260 |
_аСофия _bОФ _c1987 |
||
| 300 |
_a208 с. _c20 см |
||
| 380 | _aX | ||
| 500 | _aЦветан Северски - псевд. на Цветан Иванов Банчев. - 14 200 тир. | ||
| 852 | _aЦб 147974 | ||
| 856 | 4 |
_qpdf _u |
|
| 856 | 4 |
_qpdf _u |
|
| 942 |
_cKNG _n0 |
||
| 944 |
_aCR _c19.11.2016 _kПравда_Бадева |
||
| 944 |
_aED _c19.11.2016 _kПравда_Бадева |
||
| 999 |
_c113012 _d113012 |
||